Soe problemas de identidade e emoçoes no esporte e no lazer: comentários críticos e contra-críticos soe as sociologias convencional e configuracional de esporte e lazer. = On problems of identity and the emotions in sport and leisure: critical and counter c
Na minha lista:
| Autor principal: | |
|---|---|
| Formato: | Texto |
| Assuntos: | |
| Tags: |
Adicionar Tag
Sem tags, seja o primeiro a adicionar uma tag!
|
MARC
| LEADER | 00000 a a2200000 04500 | ||
|---|---|---|---|
| 001 | 8315 | ||
| 003 | |||
| 040 | |||
| 100 | |a Dunning, Eric | ||
| 245 | |a Soe problemas de identidade e emoçoes no esporte e no lazer: comentários críticos e contra-críticos soe as sociologias convencional e configuracional de esporte e lazer. = |b On problems of identity and the emotions in sport and leisure: critical and counter c | ||
| 500 | |a Resumen tambien en Ingles | ||
| 650 | |a FUTBOL | ||
| 650 | |a IDENTIDAD CULTURAL | ||
| 650 | |a ASPECTOS PSICOLOGICOS | ||
| 650 | |a CIVILIZACION | ||
| 650 | |a ANALISIS SOCIOLOGICO | ||
| 773 | |g volumen 20, número 39; páginas11-40 | ||
| 999 | |c 22115 |d 22115 | ||
